| 000 | 00344nam a2200145Ia 4500 | ||
|---|---|---|---|
| 005 | 20251222152004.0 | ||
| 008 | 251222s9999||||xx |||||||||||||| ||spa|| | ||
| 020 | _a9786123114565 | ||
| 082 | _a338/A11 | ||
| 100 | _aAbanto Bromley, Martha | ||
| 245 | 0 | _aActivos Intangibles | |
| 250 | _a1ra. ed. | ||
| 264 | _bGaceta JurÃdica | ||
| 942 | _cLIB | ||
| 999 |
_c24670 _d24670 |
||